Neue Richtungen in der tschechoslowakischen Ökonomie

Enregistré dans:
Détails bibliographiques
Format: Publication en série
Langue:allemand
Publié: Prag Pragopress
Tags: Ajouter un tag
Pas de tags, Soyez le premier à ajouter un tag!

MARC

LEADER 00000nas1a2200000$$$4500
001 0015585
005 20250730114820.9
041 0 |a ger 
044 |a CZ 
245 1 0 |a Neue Richtungen in der tschechoslowakischen Ökonomie 
264 1 |a Prag  |b Pragopress